Object lessons for children's sermons. (Record no. 9952)

000 -LEADER
fixed length control field 00542nam a2200181 a 4500
001 - CONTROL NUMBER
control field :::00007737$&:&@@
003 - CONTROL NUMBER IDENTIFIER
control field OkBaRHE
005 - DATE AND TIME OF LATEST TRANSACTION
control field 20000607103339.0
008 - FIXED-LENGTH DATA ELEMENTS--GENERAL INFORMATION
fixed length control field s1963 j 000 0 eng u
040 ## - CATALOGING SOURCE
Transcribing agency
100 1# - MAIN ENTRY--PERSONAL NAME
Personal name Hodges, Graham R.
245 10 - TITLE STATEMENT
Title Object lessons for children's sermons.
260 ## - PUBLICATION, DISTRIBUTION, ETC. (IMPRINT)
Place of publication, distribution, etc New York, NY., :
Name of publisher, distributor, etc Abingdon Press
Date of publication, distribution, etc 1963
300 ## - PHYSICAL DESCRIPTION
Extent 110 p. ;
Dimensions 19 cm.
650 ## - SUBJECT ADDED ENTRY--TOPICAL TERM
Topical term or geographic name as entry element Object-teaching
942 ## - ADDED ENTRY ELEMENTS (KOHA)
Source of classification or shelving scheme
Koha item type Books
Copies
Damaged status Barcode Date acquired Lost status Date last seen Permanent Location Full call number Shelving location Copy number Koha item type Price effective from Withdrawn status Not for loan Source of classification or shelving scheme
 77372010-04-14 2010-04-14RHEMA Bible Training CollegeBV 1535 .H586General Stacks1Books2010-04-14